| 000 | 00462nam a2200169 a 4500 | ||
|---|---|---|---|
| 001 | 2823 | ||
| 005 | 20140414131955.0 | ||
| 008 | 051021s19uu xx 00 eng d | ||
| 020 | _a0-15-320698-5 | ||
| 050 |
_aTR 372.7 _bMa42 G1 PA |
||
| 245 | _aHarcourt math: performance assessment. grade 1. | ||
| 260 |
_aOrlando : _bHarcourt . |
||
| 300 | _axii, 54 p. ; cm. | ||
| 440 | _aHarcourt Math. | ||
| 650 |
_aMathematics _xJuvenile literature. |
||
| 999 |
_c112884 _d112884 |
||